000
00312nam a22001217a 4500
008
230626b xxu||||| |||| 00| 0 eng d
082
_a
331
_b
ROK
100
_c
Republic of Kenya
245
_a
Report of the Salaries Review Commission 1967
260
_b
Republic of Kenya
_c
1967
300
_a
138p
942
_2
ddc
_c
BK
999
_c
2602
_d
2602